| 000 | 00510nam a2200145 i 4500 | ||
|---|---|---|---|
| 001 | 30248 | ||
| 003 | ES-MaACL | ||
| 007 | t| | ||
| 008 | 030124s1925 sp ||||1| spa d | ||
| 100 | 1 |
_aBassegoda i Amigó, Buenaventura. _926308 |
|
| 245 | 1 | 0 |
_aSanta María de la Mar _b: monografía histórica-artística / _cpor Buenaventura Bassegoda i Amigó. |
| 260 |
_aBarcelona : _b[s.n., _c1925] ( _fIndustrias Gráficas J. Thomas) |
||
| 300 |
_a459 p., 4 lám. col., 6 h. plan. ; _c29 cm. |
||
| 852 |
_aES-MaACL _jC-6750 |
||
| 999 |
_c30248 _d30248 |
||